000 00776nas a2200253 4500
001 BR2015007054
003 BR-BrBNA
005 20231205125949.0
007 ta
008 230509b bl.|||p| |||| 00| 00por d
040 _aBR-BrBNA
_bpor
_cBiblioteca Nacional de Agricultura
041 _a(Pt)
072 _aK10
100 1 _aMayer, C.L.D.
100 1 _aOliveira Filho, P.C. de
100 1 _aBobrowski, R.
245 1 _aAnálise espacial de conflitos da arborização de vias públicas: caso Irati, Paraná
650 _aPROGRAMA DE COMPUTADOR
650 _aÁRVORE
650 _aARBORIZAÇÃO
773 0 _tFloresta (Brazil)
_xISSN 0015-3826
_g(Jan-Mar 2015), v. 45(1) p. 11-20
_wBR2015007054
909 _a202311
_bLúcia
_c55
_dLúcia Elande
942 _2AGRIS
_n0
_cANA
999 _c247149
_d247149